000 00669cam a22002411a 4500
001 sa 66008083
003 DLC
005 20260227112310.0
008 950322s1965 io a 000 1 jav
010 _asa 66008083
025 _aPL480:Indo-2349
035 _a(OCoLC)32187053
040 _aDLC
_cWU
_dDLC
042 _apremarc
050 0 0 _aPL5179.P6
_bM3
100 0 _aPoerwono P. H.
245 1 0 _aMara tuwa piningit /
_cdéning Purwono P.H.; gambar déning S. Har.
246 1 _iAt head of title
_aFeri sekar setaman
250 _aTjap-tjapan 1.
260 _aJogjakarta :
_bHabijasa,
_c[1965]
300 _a36 p. :
_bill. ;
_c20 cm.
546 _aIn Javanese.
999 _c71636
_d71636